| 000 | 00623nam a2200217 a 4500 | ||
|---|---|---|---|
| 001 | BRCA_8339 | ||
| 005 | 20190320210235.0 | ||
| 008 | 110714s1923----au-a###f##---#001-0#ger-# | ||
| 041 | _ager | ||
| 044 | _agw | ||
| 050 | 4 |
_aN6806 _bO88 1923 |
|
| 245 | 1 | 0 |
_aBarockmuseum im unteren Belvedere _cOsterreichische Galerie-Wien. |
| 260 |
_aViena _bAnton Schroll _c1923 |
||
| 300 |
_acii p. _bil., 190 láminas _c27 cm. |
||
| 500 | _aR61 | ||
| 650 | 1 | 4 |
_aArte barroco _zAustria _920874 |
| 651 | 4 |
_aBelvedere (Viena) _xGalerías y museos _920875 |
|
| 710 | 2 |
_aOsterreichische Galerie-Wien _920876 |
|
| 902 | _aGFM | ||
| 942 |
_2lcc _cB |
||
| 999 |
_c8007 _d8007 |
||